| 000 | 00547nam a2200181Ia 4500 | ||
|---|---|---|---|
| 008 | 100921s9999 xx 000 0 und d | ||
| 082 |
_b49 _a891.463 थ 39 |
||
| 100 | _aबेडेकर विश्राम. | ||
| 245 | _aरणांगण. | ||
| 260 |
_bहरी विष्णु मोटे. _c1939 |
||
| 300 |
_a120 _b--- |
||
| 365 | _b1.25 | ||
| 520 | _aललित-कादंबरी. | ||
| 630 | _aरणांगण. | ||
| 650 | _aललित-कादंबरी. | ||
| 730 | _aरणांगण. | ||
| 942 | _cBOOK | ||
| 999 |
_c749162 _d749159 |
||